000 00293nam a2200121Ia 4500
008 190216s9999||||xx |||||||||||||| ||und||
100 _aNarayanan Chittoor Namboodirippad
245 0 _aRekshasinde Prathikaram
260 _bCurrent Books
300 _a230
650 _aMalayalam
942 _cBK
999 _c29422
_d29422